<?xml version="1.0" encoding="UTF-8"?>
<record
    xmlns:xsi="http://www.w3.org/2001/XMLSchema-instance"
    xsi:schemaLocation="http://www.loc.gov/MARC21/slim http://www.loc.gov/standards/marcxml/schema/MARC21slim.xsd"
    xmlns="http://www.loc.gov/MARC21/slim">

  <leader>00486nam a2200193Ia 4500</leader>
  <controlfield tag="008">220531s9999    xx            000 0 und d</controlfield>
  <datafield tag="041" ind1=" " ind2=" ">
    <subfield code="a">mar</subfield>
  </datafield>
  <datafield tag="082" ind1=" " ind2=" ">
    <subfield code="a">-</subfield>
  </datafield>
  <datafield tag="100" ind1=" " ind2=" ">
    <subfield code="a">&#x924;&#x947;&#x902;&#x921;&#x941;&#x932;&#x915;&#x930;  &#x92A;&#x94D;&#x930;&#x93F;.</subfield>
    <subfield code="9">63594</subfield>
  </datafield>
  <datafield tag="245" ind1=" " ind2=" ">
    <subfield code="a">&#x924;&#x93F;&#x939;&#x93E;&#x930;</subfield>
  </datafield>
  <datafield tag="250" ind1=" " ind2=" ">
    <subfield code="a">1ST</subfield>
  </datafield>
  <datafield tag="260" ind1=" " ind2=" ">
    <subfield code="a">Mumbai</subfield>
    <subfield code="b">Lalit</subfield>
    <subfield code="c">2014</subfield>
  </datafield>
  <datafield tag="300" ind1=" " ind2=" ">
    <subfield code="a">213+4</subfield>
  </datafield>
  <datafield tag="542" ind1=" " ind2=" ">
    <subfield code="d">31-01-2015</subfield>
  </datafield>
  <datafield tag="551" ind1=" " ind2=" ">
    <subfield code="a">Marathi</subfield>
    <subfield code="b">Grantabal-MRA</subfield>
  </datafield>
  <datafield tag="650" ind1=" " ind2=" ">
    <subfield code="a">Short Stories</subfield>
    <subfield code="9">63595</subfield>
  </datafield>
  <datafield tag="906" ind1=" " ind2=" ">
    <subfield code="d">2014-2015</subfield>
    <subfield code="f">6496</subfield>
  </datafield>
  <datafield tag="999" ind1=" " ind2=" ">
    <subfield code="c">36111</subfield>
    <subfield code="d">36111</subfield>
  </datafield>
  <datafield tag="952" ind1=" " ind2=" ">
    <subfield code="0">0</subfield>
    <subfield code="1">0</subfield>
    <subfield code="2">ddc</subfield>
    <subfield code="4">0</subfield>
    <subfield code="7">0</subfield>
    <subfield code="8">Marathi</subfield>
    <subfield code="a">SSMM</subfield>
    <subfield code="b">SSMM</subfield>
    <subfield code="d">2015-03-31</subfield>
    <subfield code="e">Shabdalay</subfield>
    <subfield code="g">250.00</subfield>
    <subfield code="l">0</subfield>
    <subfield code="n">1</subfield>
    <subfield code="o">-/-/B/17114</subfield>
    <subfield code="p">SSMM-BK-17114</subfield>
    <subfield code="r">2022-08-06 00:00:00</subfield>
    <subfield code="w">2022-08-06</subfield>
    <subfield code="y">BK</subfield>
    <subfield code="z">010017114</subfield>
  </datafield>
</record>
